[Event "Llinars del Valles op-B 6th"]
[Site "Llinars del Valles"]
[Date "2012.05.26"]
[Round "7"]
[White "Estape Jorba, Miquel"]
[Black "Cruz Jimenez, Miguel"]
[Result "1-0"]
[WhiteElo "1659"]
[BlackElo "1549"]
[PlyCount "99"]
[EventDate "2012.04.14"]
[EventType "swiss"]
[EventRounds "9"]
[EventCountry "ESP"]
[SourceTitle "EXT 2013"]
[Source "ChessBase"]
[SourceDate "2012.11.22"]
[SourceVersion "1"]
[SourceVersionDate "2012.11.22"]
[SourceQuality "1"]

1. Nf3 Nf6 2. g3 d6 3. d4 Bg4 4. Bg2 e6 5. 0-0 Be7 6. c4 Nbd7 7. Nc3 0-0 8. e4 b6 9. Qd3 Bxf3 10. Qxf3 Rb8 11. Be3 c5 12. Rfd1 cxd4 13. Bxd4 Qc7 14. b3 a6 15. Rac1 Rfe8 16. Be3 Ne5 17. Qe2 h6 18. h3 Nh7 19. f4 Nd7 20. Qc2 Nhf6 21. g4 e5 22. f5 b5 23. cxb5 axb5 24. Qe2 Qd8 25. g5 hxg5 26. Bxg5 Nh7 27. Bxe7 Qxe7 28. Nxb5 Rb6 29. Nc7 Rbb8 30. Nxe8 Rxe8 31. Qd2 Ndf6 32. Kf1 Rd8 33. Qb4 g6 34. fxg6 fxg6 35. Qc4+ Kh8 36. Qc7 Qf8 37. Ke2 Rd7 38. Qc8 Rd8 39. Qe6 Ng5 40. Qc4 Qh6 41. Rc3 Nh5 42. Ke1 Nf4 43. Rd2 Nxg2+ 44. Rxg2 Rf8 45. Qe2 Qh4+ 46. Kd1 Nxe4 47. Rf3 Rc8 48. Rg4 Qh6 49. Qxe4 Rc1+ 50. Ke2 1-0

[Event "Llinars del Valles op-B 6th"]
[Site "Llinars del Valles"]
[Date "2012.05.12"]
[Round "5"]
[White "Amores Oliveros, Justo"]
[Black "Cruz Jimenez, Miguel"]
[Result "1/2-1/2"]
[WhiteElo "1785"]
[BlackElo "1549"]
[PlyCount "77"]
[EventDate "2012.04.14"]
[EventType "swiss"]
[EventRounds "9"]
[EventCountry "ESP"]
[SourceTitle "EXT 2013"]
[Source "ChessBase"]
[SourceDate "2012.11.22"]
[SourceVersion "1"]
[SourceVersionDate "2012.11.22"]
[SourceQuality "1"]

1. e4 c5 2. Nc3 d6 3. g3 Nf6 4. Bg2 e6 5. f4 Be7 6. Nf3 Nc6 7. d3 0-0 8. 0-0 a6 9. h3 Qc7 10. Ne2 e5 11. f5 Nd4 12. g4 Nxe2+ 13. Qxe2 Re8 14. Qf2 d5 15. g5 dxe4 16. Nh4 Nd5 17. Bxe4 Nf4 18. Bxf4 exf4 19. Nf3 Bd6 20. h4 c4 21. h5 Bc5 22. Nd4 Qd6 23. c3 Rd8 24. dxc4 Bxd4 25. cxd4 Qxd4 26. Rad1 Qxf2+ 27. Kxf2 Re8 28. Kf3 Rb8 29. Kxf4 b6 30. g6 Bb7 31. Rfe1 Bxe4 32. Rxe4 fxg6 33. hxg6 hxg6 34. fxg6 Rf8+ 35. Kg5 Rbc8 36. Rde1 Rc5+ 37. Kg4 Rc6 38. Kg5 Rc5+ 39. Kg4 1/2-1/2